| LEADER | 00542nam a2200205K 4500 | ||
|---|---|---|---|
| 001 | 005011256-2 | ||
| 005 | 20020606095253.2 | ||
| 008 | 941128s1966 sw 000 0 swe d | ||
| 035 | 0 | |a ocm36216257 | |
| 040 | |a HVL |c HVL | ||
| 100 | 1 | |a Moberg, Rolf Ernst Artur, |d 1918- | |
| 245 | 1 | 0 | |a Ekonomiska föreningar. |
| 260 | |a Stockholm, |b Liber |c [1966] | ||
| 300 | |a 2 p. l., 7-153, [1] p. |c 19 cm. | ||
| 490 | 0 | |a Tema | |
| 500 | |a Includes legislation. | ||
| 690 | 9 | |a Cooperative societies |z Sweden. |5 law | |
| 710 | 1 | |a Sweden. | |
| 988 | |a 20020608 | ||
| 906 | |0 MH | ||


